Biología : la vida en la tierra /

Guardado en:
Autor Principal: Audesirk, Teresa
Otros Autores: Audesirk, Gerald, Byers, Bruce E.
Formato: Libro
Publicado: México : Pearson, 2008
Edición:8a. ed.
Series:Educación
Materias:
Etiquetas: Agregar Etiqueta
Sin Etiquetas, Sea el primero en etiquetar este registro!
LEADER 02372nam a22002295a 4500
001 CEM.cems013185
005 20091016083651.0
008 130507s2008##################000#0#####d
003 CEMS
020 |a 01319566x 
082 0 4 |a 574 
100 1 |a Audesirk, Teresa 
245 1 0 |a Biología :  |b la vida en la tierra /  |c Teresa Audesirk, Gerald Audesirk, Bruce E. Byers 
250 |a 8a. ed. 
260 |a México :  |b Pearson,  |c 2008 
300 |a 1024 p. 
490 0 |a Educación 
505 0 |a Introducción a la vida en la tierra -- La vida de una célula -- Atomos, moléculas y vida -- Moléculas biológicas -- Estructura y función de la célula -- Estructura y función de la membrana celular -- Flujo de energía en la vida de una célula -- Captación de energía solar: fotosíntesis -- Obtención de energía: glucólisis y respiración celular -- Herencia -- DNA: la molécula de la herencia -- Expresión y regulación de los genes -- La continuidad de la vida: reproducción celular -- Patrones de herencia -- Biotecnología -- Evolución y diversidad de la vida -- Principios de la evolución -- Cómo evolucionan los organismos -- El origen de las especies -- Historia de la vida -- Sistemática: búsqueda de orden en medio de la diversidad -- La diversidad de los procariotas y los virus -- La diversidad de los protistas -- La diversidad de las plantas -- La diversidad de los hongos -- Diversidad animal I: invertebrados -- Crecimiento y regulación de las poblaciones -- Interacciones de la comunidad -- Cómo funcionan los ecosistemas -- Los diversos ecosistemas de la tierra -- Conservación de la biodiversidad de la tierra -- Anatomía y fisiología de los animales -- Homeostasis y organización del cuerpo animal -- Circulación -- Respiración -- Nutrición y digestión -- El sistema urinario -- Defensas contra la enfermedad -- Control químico del organismo animal: el sistema endocrino -- El sistema nervioso y los sentidos -- Acción y sosten: los músculos y el esqueleto -- Reproducción animal -- Desarrollo animal -- Anatomía y fisiología de las plantas -- Anatomía de las plantas y transporte de nutrimentos -- Reproducción y desarrollo de las plantas -- Respuestas de las plantas al ambiente 
653 |a Biología 
700 1 |a Audesirk, Gerald 
700 1 |a Byers, Bruce E. 
859 |a CEMS  |b BIB. CEMS - 11 de abril  |h 574  |i Au23a8  |p 25662.09  |t Ej.1